Statistics for Far Cry 4 Trivia

Click here to take the quiz!

General Stats

  • This quiz has been taken 184 times
    (158 since last reset)
  • The average score is 14 of 31

Answer Stats

HintAnswer% Correct
The PlayerAjay Ghale
93%
Main AntagonistPagan Min
92%
Your FatherMohan Ghale
73%
Male Leader of the AboveSabal
70%
Female Leader of the AboveAmita
68%
The Country in the GameKyrat
67%
The Allied FactionThe Golden Path
66%
Governor of the SouthPaul Harmon
64%
Governor of the WestNoore Najjar
61%
Governor of the NorthYuma Lau
61%
CIA Agent. Classified.Willis Huntley
56%
Drug UsersYogi
55%
Your MotherIshwari Ghale
54%
African Priest and Arms DealerLonginus
52%
Reggie
52%
His DaughterLakshmana Min
50%
Enemy Faction in the SouthRoyal Army
48%
Local DJRabi Ray Rana
40%
Enemy Faction in the NorthRoyal Guard
39%
The 'Preemptive Cavalry'Hurk
34%
Her ArenaShanath
31%
Her PrisonDurgesh Prison
30%
His DaughterAshley Harmon
27%
His FortressRajgad Gulag
27%
Local Fashion DesignerMumu Chiffon
25%
Mythical AdventurerKalinag
24%
His FortressVarshakot
24%
Her FortressBaghadur
17%
Her FortressRatu Gadhi
14%
And his WifeCharlotte
11%
19th Century British LieutenantRobert
11%

Score Distribution

Percentile by Number Answered

Percent of People with Each Score

Your Score History

You have not taken this quiz since the last reset